| 000 | 00957 a2200349 4500 | ||
|---|---|---|---|
| 005 | 20260319104650.0 | ||
| 008 | 260319b |||||||| |||| 00| 0 eng d | ||
| 041 | _aFr | ||
| 044 | _aCIV | ||
| 090 | _bDG/N/4004 | ||
| 100 | _a BAKAYOKO, Lassana | ||
| 100 | _a POKOU, Desire | ||
| 100 | _a GBA, Kossia Manzan Karine | ||
| 100 | _aGNAPI, Diane Estelle | ||
| 100 | _aSERY, Jean Marc | ||
| 100 | _a ZEZE, Claude Ghislaine | ||
| 110 | _aCentre National de Recherche Agronomique | ||
| 110 | _bCote d'Ivoire | ||
| 245 | _aBien conditionner les feuilles de cafeier pour l'extraction de l'ADN genomique | ||
| 260 | _aAbidjan | ||
| 260 | _bCNRA | ||
| 260 | _c2025 | ||
| 302 | _a2 p. | ||
| 388 | _a2026-03-19 | ||
| 650 |
_2AGROVOC _gCote d'Ivoire |
||
| 650 |
_gCafeier _2AGROVOC |
||
| 650 |
_gBien _2AGROVOC |
||
| 650 |
_gConditionner _2AGROVOC |
||
| 650 |
_gExtraction _2AGROVOC |
||
| 650 |
_gADN _2AGROVOC |
||
| 650 |
_gGenomique _2AGROVOC |
||
| 999 |
_c6007 _d6007 |
||